000 00409nam a2200169Ia 4500
005 20250508155725.0
008 008 250505s9999 xx 000 0 eng d
037 _aTextual
040 _aFEDL
_beng
_cFEDL
041 _aeng
_2eng
084 _aF, ANA
_qFEDL
100 _aAnand M R
_9100351
245 0 _aMorning face
300 _a571p.
942 _cTEXL
_hF, ANA
999 _c1358961
_d1358961